00362nam a22001337a 450000500170000000800410001704100130005808200120007110000120008324500310009526000460012630000300017265000260020220240731115308.0240731b |||||||| |||| 00| 0 eng d aEnglish  a349 SOU lEnglish aSouth African Law Reports  aCape Town: bJuta and Company Ltd, c1928 bxix, 570 pages; c25 cm.  aLegal practice bLaw